|
|
|
|
| LEADER |
00851nam a22002177a 4500 |
| 001 |
38024 |
| 003 |
BD-DhAAL |
| 008 |
220310t1985 xxu||||| b||| 00| 0 eng d |
| 999 |
|
|
|c 43734
|d 43734
|
| 040 |
|
|
|a BD-DhAAL
|
| 082 |
|
|
|a 332.152
|
| 245 |
|
|
|a The role and function of the International Monetary Fund /
|c International Monetary Fund.
|
| 260 |
|
|
|a Washington, DC :
|b IMF,
|c 1985.
|
| 300 |
|
|
|a 99 pages ;
|c 16 cm.
|
| 541 |
|
|
|a Donated By Akbar Ali Khan
|e 38024
|
| 610 |
|
|
|a International Monetary Fund.
|9 46732
|
| 650 |
|
|
|a International finance.
|9 46733
|
| 710 |
|
|
|a International Monetary Fund.
|9 46732
|
| 852 |
|
|
|a Ayesha Abed Library
|c Akbar Ali Khan Collection
|
| 942 |
|
|
|2 ddc
|c BK
|
| 952 |
|
|
|0 0
|1 0
|2 ddc
|4 0
|6 332_152000000000000_ROL
|7 1
|9 70080
|a BRACUL
|b BRACUL
|c CS1
|d 2022-03-10
|e Donated by Akbar Ali Khan
|l 0
|o 332.152 ROL
|p 3010038024
|r 2022-03-10
|t 1
|w 2022-03-10
|y BK
|